15 Largest Cities in Shasta County, CA by Population - Statistics

General Stats
  • This quiz has been taken 8 times
  • The average score is 7 of 15
Answer Stats
Population Town/City % Correct
11,323 Anderson
100%
93,611 Redding
100%
6,268 Cottonwood
80%
1,043 Shasta
80%
10,371 Shasta Lake
60%
3,641 Bella Vista
40%
3,000 Burney
40%
4,949 Happy Valley
40%
2,931 Palo Cedro
40%
2,442 Shingletown
40%
616 Fall River Mills
20%
686 Johnson Park
20%
724 Millville
20%
815 Mountain Gate
20%
1,160 Jones Valley
0%
No matching quizzes found
Score Distribution
Percent of People with Each Score
Percentile by Number Answered
Your Score History
You have not taken this quiz